000 00392nam a2200169Ia 4500
005 20250411052703.0
008 240331s9999 xx 000 0 und d
020 _a9789555734569
082 _bRAJ
_a891
100 _aRajakaruna, S
245 0 _aPrema puranaya
250 _a2nd
260 _aNugegoda
_bSarasavi book shop
_c2008
300 _a174 p .,
650 _aLove Story
942 _cL
999 _c5397
_d5397